Discapacidad social vrs. capacidad humana /

A través de la historia de un joven con parálisis que desea estudiar derecho y se enfrenta a obstáculos y a la oposición generalizada, se analiza cómo los prejuicios sociales (y no la disminución de las capacidades físicas o mentales), son el mayor obstáculo para el desarrollo e integración de este...

ver descrição completa

Na minha lista:
Detalhes bibliográficos
Autor principal: Rivera Velázquez, Francisco Javier (autor)
Outros Autores: Navarro Aceves, Fernando (guión) (guión), Arrollo Ramírez, Carlos A. (fotógrafo) (fotógrafo), Cárdenas Gómez, Salvador (fotógrafo) (fotógrafo), Rivera Velázquez, Francisco Javier (fotógrafo) (fotógrafo), Navarro Aceves, Fernando (actuación) (actuación), Villalpando, Eduardo (actuación) (actuación), Lugo, Yossi (actuación) (actuación)
Formato: Slides
Idioma:espanhol
Publicado em: Guadalajara, México : Gobierno del Estado de Jalisco, Secretaría de Educación, 1997, c1997
Assuntos:
Tags: Adicionar Tag
Sem tags, seja o primeiro a adicionar uma tag!

MARC

LEADER 00000ngm^a2200000^a^4500
001 000092843
005 20250521000000.0
009 20260310092739.018
037 |a Acervo ITESO - Biblioteca 
041 |a ESP 
082 |a 305. 908  |b RIV 
100 |a Rivera Velázquez, Francisco Javier  |e (autor) 
245 1 0 |a Discapacidad social vrs. capacidad humana /  |c F.J. Rivera Velázquez. 
264 4 |a Guadalajara, México :  |b Gobierno del Estado de Jalisco, Secretaría de Educación,  |c 1997, c1997 
300 |a 1 videocasete VHS  |c (41 min.) 
336 |a imagen móvil bidimensional  |b tdi  |2 rdacontenido 
337 |a video  |b v  |2 rdamedio 
338 |a videocasete  |b vf  |2 rdasoporte 
520 |a A través de la historia de un joven con parálisis que desea estudiar derecho y se enfrenta a obstáculos y a la oposición generalizada, se analiza cómo los prejuicios sociales (y no la disminución de las capacidades físicas o mentales), son el mayor obstáculo para el desarrollo e integración de este tipo de personas. 
649 |a XX 
650 |a Discapacitados 
650 |a Marginación 
650 |a Prejuicio 
650 |a Aceptación Social 
650 |a Integración Social 
650 |a Psicología Social 
700 |a Navarro Aceves, Fernando  |e (guión) 
700 |a Arrollo Ramírez, Carlos A.  |e (fotógrafo) 
700 |a Cárdenas Gómez, Salvador  |e (fotógrafo) 
700 |a Rivera Velázquez, Francisco Javier  |e (fotógrafo) 
700 |a Navarro Aceves, Fernando  |e (actuación) 
700 |a Villalpando, Eduardo  |e (actuación) 
700 |a Lugo, Yossi  |e (actuación) 
910 |a Fondo General 
920 |a Audiovisuales - Videocasetes 
905 |a 301 
901 |a 0500026700  |b IT2  |c VIS  |u 20250521 
902 |a https://opac.biblio.iteso.mx/vufind/Record/000092843